Proyecto habitacional experimental de bajo costo en la ciudad de Cobán, Alta Verapaz
Presenta el proceso de remodelación en un pueblo, que como otros del país, fue afectado seriamente a consecuencia del terremoto del 4 de Febrero de 1976.
| Main Author: | |
|---|---|
| Other Authors: | |
| Format: | Tesis Section = Libro |
| Language: | Undetermined Spanish |
| Published: |
Guatemala
USAC-G
1980
|
| Subjects: |
| LEADER | 00832nam a2200217Ia 4500 | ||
|---|---|---|---|
| 008 | 240830s9999 xx 000 0 und d | ||
| 040 | |a BIBLIOTECA-RUSB/ Mon 728.17281512 H564 | ||
| 041 | |a spa | ||
| 082 | |a Mon 728.17281512 H564 | ||
| 100 | 1 | |a Herrera Mazariegos, Edgar | |
| 245 | 1 | 0 | |a Proyecto habitacional experimental de bajo costo en la ciudad de Cobán, Alta Verapaz |
| 260 | |a Guatemala |b USAC-G |c 1980 | ||
| 300 | |a 150 p. :il. | ||
| 502 | |a Tesis (Arquitecto) - USAC-G, 1980. | ||
| 520 | 3 | |a Presenta el proceso de remodelación en un pueblo, que como otros del país, fue afectado seriamente a consecuencia del terremoto del 4 de Febrero de 1976. | |
| 650 | 7 | |a VIVIENDA ECONOMICAS - COBAN | |
| 650 | 7 | |b VIVIENDAS - GUATEMALA | |
| 700 | 1 | |a Tutor: |b Santa Cruz, Miguel Ángel | |
| 942 | |c BK |2 ddc | ||
| 991 | |a TESIS | ||
| 999 | |c 21481 | ||